Dieu et l'homme ont changé de visage : Regard d'un prêtre (notice n° 1565958)
[ vue normale ]
| 000 -LEADER | |
|---|---|
| fixed length control field | 00786cam a2200133 4500500 |
| 005 - DATE AND TIME OF LATEST TRANSACTION | |
| control field | 20251130003012.0 |
| 041 ## - LANGUAGE CODE | |
| Language code of text/sound track or separate title | fre |
| 042 ## - AUTHENTICATION CODE | |
| Authentication code | dc |
| 100 10 - MAIN ENTRY--PERSONAL NAME | |
| Personal name | Adam, Charles |
| Relator term | author |
| 245 00 - TITLE STATEMENT | |
| Title | Dieu et l'homme ont changé de visage : Regard d'un prêtre |
| 260 ## - PUBLICATION, DISTRIBUTION, ETC. | |
| Name of publisher, distributor, etc. | L'Harmattan,<br/> |
| Date of publication, distribution, etc. | 2005.<br/> |
| 520 ## - SUMMARY, ETC. | |
| Summary, etc. | Charles Adam est prêtre à Orléans. Contraint à une retraite prématurée, il jette un regard très concret sur les évènements, petits et grands, qui ont jalonné sa route, profondément changé sa façon de voir l’existence et également modifié bien des aspects de sa foi. Il partage aussi clairement cet autre visage de Dieu et de l’homme. |
| 856 41 - ELECTRONIC LOCATION AND ACCESS | |
| Uniform Resource Identifier | <a href="https://shs.cairn.info/dieu-et-lhomme-ont-change-de-visage--9782747577144?lang=fr&redirect-ssocas=7080">https://shs.cairn.info/dieu-et-lhomme-ont-change-de-visage--9782747577144?lang=fr&redirect-ssocas=7080</a> |
Pas d'exemplaire disponible.




Réseaux sociaux